000
00262nam a22001097a 4500
008
170119b xxu||||| |||| 00| 0 eng d
020
_a
9780323089319
041
_a
eng
080
_2
6TH
_a
618.2
245
_a
CALCULATE WITH CONFIDENCE
_c
MORRIS, D.E
942
_2
udc
_c
BK
999
_c
3170
_d
3170